000 01110nam a2200301 a 4500
001 000021638
003 DO-SdBNP
005 20250621074006.0
008 100909t1994 dr abc 001 0bspa d
040 _aDO-SdBNP
_bspa
_cBNPHU
049 _aBNPD
082 _a923.17293
_bT866D, 1994
100 1 _aDiederich, Bernard,
_d1927-
_945019
240 1 0 _aTrujillo : the death of the goat
_lespañol
245 1 0 _aTrujillo :
_bla muerte del dictador /
_cBernard Diederich.
250 _a4ª ed.
260 _aSanto Domingo :
_bFundación Cultural Dominicana,
_c1994.
300 _a260 p. :
_bil., mapa, retrs. ;
_c22 cm.
500 _aIncluye cronología de Trujillo.
500 _aIncluye datos biográficos del autor en la contraportada.
500 _aIncluye notas al pie de las páginas.
500 _aTraducido del inglés.
600 1 0 _aTrujillo Molina, Rafael Leónidas,
_d1891-1961
_xMuerte
_910869
650 4 _aHomicidio político
_zRepública Dominicana
_911383
651 0 _aRepública Dominicana
_xPolítica y gobierno
_945
910 _aValidado. Control de calidad EMS.
942 _2ddc
_cLBS1
999 _c21137
_d21137